000
00313nam a22001337a 4500
008
170821b xxu||||| |||| 00| 0 eng d
020
_a
9780201791112
041
_a
eng
080
_2
3 ED
_a
51
100
_a
37
101
_a
MAT
245
_a
COLEGE ALGEBRA TRIGOMETRY ORECALCULUS
_c
LIAL,H
942
_2
udc
_c
BK
999
_c
24401
_d
24401